000 00876nam a2200277 a 4500
001 000081683
005 20200120224615.0
008 161124s2013 sp a|||gr|||| 000 ||spa d
020 _a9788467911633
041 0 _a*-spa
043 _ae-sp---
090 _aAH
_bDUL
100 1 _aDuleimi, Lutfiya
245 1 0 _aCasa Bábili /
_cLutfiya Duleimi ; color, Sara Rojo ; dibujo, Javier Carbajo.
250 _a1a. ed.
260 _aBarcelona :
_bNorma,
_c2013.
300 _a111 páginas :
_bilustraciones a blanco y negro y color.
490 0 _aNómadas
_v63
650 1 7 _aGuerra en la literatura
_2LEMB
650 2 7 _aPeriodistas en la literatura
_2LEMB
650 2 7 _aTerror en la literatura
_2LEMB
650 2 7 _aTiras cómicas, historietas, etc.
_2LEMB
650 2 7 _aLiteratura adulto
_2LEMB
700 1 _aRojo, Sara,
_ecolorista
700 1 _aCarbajo, Javier,
_eilustrador
999 _c10094
_d10094